<?xml version="1.0" encoding="UTF-8"?>
<collection xmlns="http://www.loc.gov/MARC21/slim">
 <record>
  <leader>01482ntm a22003495a 4500</leader>
  <controlfield tag="001">EIQ.libpla000607</controlfield>
  <controlfield tag="008">060330s2005####ag#a#####bm###000#0#spa#d</controlfield>
  <controlfield tag="005">20061110183934.0</controlfield>
  <datafield tag="245" ind1="1" ind2="0">
   <subfield code="a">Optimización dinámica y control predictivo de procesos de adsorción periódica /</subfield>
   <subfield code="c">Vanesa Lorena de la Torre.</subfield>
  </datafield>
  <datafield tag="260" ind1=" " ind2=" ">
   <subfield code="c">2005.</subfield>
  </datafield>
  <datafield tag="300" ind1=" " ind2=" ">
   <subfield code="a">xii, 109 p. :</subfield>
   <subfield code="b">il. ;</subfield>
   <subfield code="c">21 cm.</subfield>
  </datafield>
  <datafield tag="502" ind1=" " ind2=" ">
   <subfield code="a">Tesis (doctorado)--Universidad Nacional del Sur. Departamento de Ingeniería Química, 2005.</subfield>
  </datafield>
  <datafield tag="500" ind1=" " ind2=" ">
   <subfield code="a">Director de tesis: Alberto Bandoni, co-director Lorenz Biegler.</subfield>
  </datafield>
  <datafield tag="504" ind1=" " ind2=" ">
   <subfield code="a">Incluye referencias bibliográficas.</subfield>
  </datafield>
  <datafield tag="100" ind1="1" ind2=" ">
   <subfield code="a">Torre, Vanesa Lorena de la.</subfield>
   <subfield code="4">dis</subfield>
  </datafield>
  <datafield tag="710" ind1="2" ind2=" ">
   <subfield code="a">Universidad Nacional del Sur (UNS).</subfield>
   <subfield code="b">Dto. de Ingeniería Química</subfield>
   <subfield code="4">dgg.</subfield>
  </datafield>
  <datafield tag="650" ind1=" " ind2="4">
   <subfield code="a">Gases</subfield>
   <subfield code="x">Absorción.</subfield>
  </datafield>
  <datafield tag="650" ind1=" " ind2="4">
   <subfield code="a">Gases</subfield>
   <subfield code="x">Adsorción.</subfield>
  </datafield>
  <datafield tag="650" ind1=" " ind2="4">
   <subfield code="a">PAPs</subfield>
   <subfield code="x">Optimización dinámica.</subfield>
  </datafield>
  <datafield tag="650" ind1=" " ind2="4">
   <subfield code="a">PAPs</subfield>
   <subfield code="x">Control predictivo.</subfield>
  </datafield>
  <datafield tag="650" ind1=" " ind2="4">
   <subfield code="a">PAPs</subfield>
   <subfield code="x">Tesis.</subfield>
  </datafield>
  <datafield tag="650" ind1=" " ind2="4">
   <subfield code="a">Procesos de absorción periódica.</subfield>
   <subfield code="x">Control predictivo.</subfield>
  </datafield>
  <datafield tag="650" ind1=" " ind2="4">
   <subfield code="a">Procesos de absorción periódica.</subfield>
   <subfield code="x">Optimización dinámica.</subfield>
  </datafield>
  <datafield tag="650" ind1=" " ind2="4">
   <subfield code="a">Gases</subfield>
   <subfield code="x">Absorption.</subfield>
  </datafield>
  <datafield tag="650" ind1=" " ind2="4">
   <subfield code="a">Gases</subfield>
   <subfield code="x">Adsorption.</subfield>
  </datafield>
  <datafield tag="650" ind1=" " ind2="4">
   <subfield code="a">PAPs</subfield>
   <subfield code="x">Dynamic optimization.</subfield>
  </datafield>
  <datafield tag="650" ind1=" " ind2="4">
   <subfield code="a">PAPs</subfield>
   <subfield code="x">Theses.</subfield>
  </datafield>
  <datafield tag="650" ind1=" " ind2="4">
   <subfield code="a">PAPs</subfield>
   <subfield code="x">Predictive control.</subfield>
  </datafield>
  <datafield tag="650" ind1=" " ind2="4">
   <subfield code="a">Processes of periodic absorption</subfield>
   <subfield code="x">Predictive control.</subfield>
  </datafield>
  <datafield tag="650" ind1=" " ind2="4">
   <subfield code="a">Processes of periodic absorption</subfield>
   <subfield code="x">Optimización dinámica.</subfield>
  </datafield>
  <datafield tag="040" ind1=" " ind2=" ">
   <subfield code="a">AR-BbSID</subfield>
   <subfield code="b">spa</subfield>
   <subfield code="c">AR-BbSID</subfield>
  </datafield>
  <datafield tag="859" ind1=" " ind2=" ">
   <subfield code="a">AR-BbSID</subfield>
   <subfield code="b">BIB. PLAPIQUI</subfield>
   <subfield code="h">660.2842</subfield>
   <subfield code="i">T 635</subfield>
   <subfield code="p">5836</subfield>
  </datafield>
 </record>
</collection>
